000 01261nam a22003377a 4500
003 CHAP
005 20220329141712.0
008 971013s1976 r 00010 d
010 _a72473
011 _a73445
035 _a83002
040 _cCHAP
090 _aTesis
100 0 0 _aAguirre Sanchez, Alfredo Ramon.
_93044
245 _aEstudio técnico económico para el establecimiento de un estanque comercial para la engorda de bagre (Ictalurus punctatus) en el ejido El Tepehuaje, Cadereyta Jiménez, N.L.
260 _a(Monterrey, N.L.) :
_bEl autor,
_c1976
300 _a70 h.
_b; mapa
502 _aTesis (Ing. Agr. Administrador) -- ITESM. Div. de Ciencias Agropecuarias y Marítimas
590 _aALEPH
_b10
_c20130110
_lUCH01
_h1413
590 _aBATCH-UPD
_b10
_c20130110
_lUCH01
_h0459
590 _aBATCH-UPD
_b10
_c20130110
_lUCH01
_h2349
590 _aBATCH-UPD
_b10
_c20130410
_lUCH01
_h0137
590 _aBATCH-UPD
_b10
_c20130410
_lUCH01
_h1636
590 _aBATCH-UPD
_b10
_c20130914
_lUCH01
_h0523
590 _aCONVERSION
_b10
_c20130109
_lUCH01
_h1340
650 1 4 _aBagre
_xAlimentación.
_99408
650 1 4 _aEjido El Tepehuaje, Cadereyta Jiménez, N.L.
_935901
901 _aBK
942 _cTESIS
949 _bBC
_cTES
_d-37311
_eTS1
_i83002
_si
999 _c72473
_d72473